[Event "Faroes op"]
[Site "Sandavagur"]
[Date "2018.07.07"]
[Round "1"]
[White "Nielsen, Hogni Egilstoft"]
[Black "Djurhuus, Arant"]
[Result "1-0"]
[WhiteElo "2397"]
[BlackElo "1703"]
[PlyCount "61"]
[EventDate "2018.07.07"]
[EventType "swiss"]
[EventRounds "9"]
[EventCountry "FAI"]
[SourceTitle "CBM 185 Extra"]
[Source "ChessBase"]
[SourceDate "2018.07.29"]
[SourceVersion "1"]
[SourceVersionDate "2018.07.29"]
[SourceQuality "1"]

1. e4 e5 2. Nf3 Nf6 3. Nxe5 d6 4. Nf3 Nxe4 5. Nc3 Nxc3 6. dxc3 d5 7. Be3 Bg4 8. Qd2 Be7 9. h3 Bf5 10. 0-0-0 c6 11. Nd4 Bg6 12. h4 h5 13. g3 Nd7 14. Be2 Nf6 15. f3 Qd7 16. Bf4 0-0-0 17. Bf1 Ne8 18. Bh3 f5 19. Rhe1 Nc7 20. Bxc7 Qxc7 21. Ne6 Qxg3 22. Nxd8 Qxh4 23. Ne6 Bd6 24. Qg5 Qxh3 25. Qxg6 Qxf3 26. Qxg7 Re8 27. Nc5 Re7 28. Qf8+ Kc7 29. Rxe7+ Kb6 30. Rxb7+ Kxc5 31. b4+ 1-0

[Event "Faroes op"]
[Site "Kollafjord"]
[Date "2017.07.12"]
[Round "1"]
[White "Munoz Pantoja, Miguel Angel"]
[Black "Djurhuus, Arant"]
[Result "1-0"]
[WhiteElo "2497"]
[BlackElo "1656"]
[PlyCount "49"]
[EventDate "2017.07.12"]
[EventType "swiss"]
[EventRounds "9"]
[EventCountry "FAI"]
[SourceTitle "EXT 2018"]
[Source "ChessBase"]
[SourceDate "2017.10.13"]
[SourceVersion "1"]
[SourceVersionDate "2017.10.13"]
[SourceQuality "1"]

1. e4 e5 2. d4 exd4 3. Qxd4 Nc6 4. Qe3 g6 5. Nc3 Nb4 6. Qd2 Bg7 7. b3 Ne7 8. Bb2 0-0 9. a3 Nbc6 10. 0-0-0 d6 11. f4 Bd7 12. Nf3 Nc8 13. h4 Bg4 14. Be2 Nb6 15. Ng1 Bxe2 16. Ngxe2 h5 17. g4 hxg4 18. h5 Qf6 19. Rdg1 Nd4 20. Rxg4 Nxe2+ 21. Qxe2 Rfe8 22. Nd1 Qe6 23. Bxg7 Kxg7 24. hxg6 Qxe4 25. Rh7+ 1-0